000 00257nam a22001097a 4500
003 SGT
100 _aJAIN, M. L.
245 _aCALULUS ( DIFFERONTIAL& INTEGRAL)
260 _aNEW DELHI
_bJEEVANSONS PUBLICATION
_c2016
300 _aV.P.
942 _2ddc
_cFPS
_018
999 _c10086
_d10086